00442 2200169 4500001002100000005001500021008004100036035001900077041000700096082001000103090001600113100001500129245004700144260003700191300002400228650002000252INLIS00000000001711020241224115241241224||||||||| | ||| |||| || |  0010-1224017110 aid0 a613.1 a613.1 SET l0 aA.SETIAWAN00aLingkungan Bermanfaat Hidup pun Punya Arti adepokbSurba Indah Mandiric2007 a05.17.01.07.10 001H 0aIlmu Kedokteran